000 00644nam a2200193 4500
001 143935
003 ES-MaACL
005 20230906200917.0
007 t|
008 070214s1978 sp r ||||1| spa d
100 1 _aShatalov, V.
_9106019
245 1 4 _aLos hombres y el cosmos /
_cV. Shatalov, M. Rebrov ; [traducción del ruso, Esperanza González Ramos].
260 _aMadrid :
_bForma,
_c1978 (
_eZaragoza :
_fImp. del `Heraldo de Aragón`)
300 _a122 p. ;
_c21 cm.
700 1 _aRebrov, M.
_995729
700 1 _aGonzález Ramos, Esperanza.
_958898
852 _aES-MaACL
_jA-8453
_bR.97400
852 _aES-MaACL
_jA-8674
_bR.97572
999 _c143935
_d143935